Understanding Martin Amis

Wedi'i Gadw mewn:
Manylion Llyfryddiaeth
Prif Awdur: Diedrick, James (Awdur)
Fformat: Llyfr
Iaith:Saesneg
Cyhoeddwyd: Columbia University of South Carolina 2004
Cyfres:Understanding Contemporary British Literature
Pynciau:
Tagiau: Ychwanegu Tag
Dim Tagiau, Byddwch y cyntaf i dagio'r cofnod hwn!

MARC

LEADER 00000nam a2200000 a 4500
001 UCK1361
003 CL-VaPUC
008 041112e20040000us |||||||||||||||||eng|d
020 |a 1570035164 
082 0 4 |a 823.914  |b DIE  |2 21 
100 0 |a Diedrick, James  |e author  |9 489134 
245 1 0 |a Understanding Martin Amis 
300 |a 330 p 
942 |c BK 
945 |d 20041112 00:00:00  |a cmena 
260 |a Columbia  |b University of South Carolina  |c 2004 
600 0 7 |a AMIS, MARTIN  |2 CL-VaPUC  |9 489135 
650 7 |a NOVELA INGLESA  |2 CL-VaPUC  |9 309260 
650 0 |a Crítica e interpretación literaria  |9 266284 
650 0 |a Literatura inglesa  |9 312907 
583 |a last modification  |c 20171220 06:16:10  |k Rodrigo Vera 
490 0 |a Understanding Contemporary British Literature 
999 |c 311332  |d 311330 
952 |0 0  |1 0  |4 0  |6 823_914000000000000_DIE_2004  |7 0  |8 A  |9 380709  |a BIBEDU  |b BIBEDU  |d 2019-11-21  |i 4078349  |o 823.914 DIE 2004  |p 4078349  |r 2019-11-21  |w 2019-11-21  |y BK  |k LIT